Running water (Record no. 71578)
[ view plain ]
| 000 -LEADER | |
|---|---|
| fixed length control field | 01262cam a2200241 4500 |
| 001 - CONTROL NUMBER | |
| control field | ABS66147 |
| 008 - FIXED-LENGTH DATA ELEMENTS--GENERAL INFORMATION | |
| fixed length control field | 021118n2002 000 0 eng u |
| 035 ## - SYSTEM CONTROL NUMBER | |
| System control number | (Sirsi) u120491 |
| 100 ## - MAIN ENTRY--PERSONAL NAME | |
| Personal name | Turner, T. |
| 245 ## - TITLE STATEMENT | |
| Title | Running water |
| 260 ## - PUBLICATION, DISTRIBUTION, ETC. | |
| Date of publication, distribution, etc. | 2002 |
| 490 ## - SERIES STATEMENT | |
| Series statement | Landscape Design |
| Volume/sequential designation | (315) November 2002, 20-23(4) |
| 520 ## - SUMMARY, ETC. | |
| Summary, etc. | Explains the role of the landscape architect in preventing flooding. Argues that while there is a limit to the amount that can be done with major flooding, they can influence the frequency and severity of the more minor events which occur more frequently and affect greater numbers of people. Main areas for controlling floods are to change runoff at source, to increase the absorption capacity of soils, and also with river restoration techniques. Concludes that careful landscape design can alleviate flooding. A mis-use of the land surface with urbanisation and the unwise location of properties is often behind many types of flooding. |
| 590 ## - LOCAL NOTE (RLIN) | |
| Local note | ABS |
| 650 ## - SUBJECT ADDED ENTRY--TOPICAL TERM | |
| Topical term or geographic name entry element | FLOODING |
| 650 ## - SUBJECT ADDED ENTRY--TOPICAL TERM | |
| Topical term or geographic name entry element | LANDSCAPE ARCHITECTURE |
| 650 ## - SUBJECT ADDED ENTRY--TOPICAL TERM | |
| Topical term or geographic name entry element | LAND COVER |
| 650 ## - SUBJECT ADDED ENTRY--TOPICAL TERM | |
| Topical term or geographic name entry element | URBANISATION |
| 650 ## - SUBJECT ADDED ENTRY--TOPICAL TERM | |
| Topical term or geographic name entry element | RIVER RESTORATION |
| 690 ## - LOCAL SUBJECT ADDED ENTRY--TOPICAL TERM (OCLC, RLIN) | |
| Topical term or geographic name as entry element | ENVIRONMENTAL AND LAND CONSULTANCY-ENVIRONMENTAL MANAGEMENT |
| 700 ## - ADDED ENTRY--PERSONAL NAME | |
| Personal name | Penning-Rowsell, E. |
| 942 ## - ADDED ENTRY ELEMENTS (KOHA) | |
| Suppress in OPAC | 0 |
| Withdrawn status | Lost status | Source of classification or shelving scheme | Damaged status | Not for loan | Home library | Current library | Shelving location | Date acquired | Total Checkouts | Full call number | Barcode | Date last seen | Copy number | Price effective from | Koha item type |
|---|---|---|---|---|---|---|---|---|---|---|---|---|---|---|---|
| Dewey Decimal Classification | London | London | Journal article | 18/11/2002 | ABS66147 | 120491-1001 | 06/08/2019 | 1 | 06/08/2019 | Journal article |